Statistics for Spanish-Physical Characteristics

Click here to take the quiz!

General Stats

  • This quiz has been taken 13 times
  • The average score is 11 of 14

Answer Stats

Spanish English % Correct
Bajo/aShort
100%
Alto/aTall
100%
Guapo/aBeautiful
92%
Precioso/aBeautiful
92%
Lindo/aBeautiful
92%
Viejo/aOld
92%
Feo/aUgly
92%
JovenYoung
92%
Gordo/aFat
85%
Hermoso/aPretty
85%
Rubio/aBlonde
46%
Delgado/aSkinny
38%
Moreno/aBrown
31%
Bonito/aCute
23%

Score Distribution

Percentile by Number Answered

Percent of People with Each Score

Your Score History

You have not taken this quiz